Principles of Economics / (Record no. 17046)

MARC details
000 -LEADER
fixed length control field 00888cam a22002775a 4500
005 - DATE AND TIME OF LATEST TRANSACTION
control field 20150824152111.0
008 - FIXED-LENGTH DATA ELEMENTS--GENERAL INFORMATION
fixed length control field 101007s2012 at|a|||fr||| 00110 eengdd
020 ## - INTERNATIONAL STANDARD BOOK NUMBER
International Standard Book Number 1408048574
020 ## - INTERNATIONAL STANDARD BOOK NUMBER
International Standard Book Number 9781408048573
040 ## - CATALOGING SOURCE
Original cataloging agency EG-ScBUE
Language of cataloging eng
Transcribing agency EG-ScBUE
082 04 - DEWEY DECIMAL CLASSIFICATION NUMBER
Classification number 330
Item number MAN
Edition number 22
100 1# - MAIN ENTRY--PERSONAL NAME
Personal name Mankiw, N. Gregory.
9 (RLIN) 10263
245 10 - TITLE STATEMENT
Title Principles of Economics /
Statement of responsibility, etc N. Gregory Mankiw, Mohamed Rashwan; contributer Andrew Ashwin
250 ## - EDITION STATEMENT
Edition statement Middle East ed.
260 ## - PUBLICATION, DISTRIBUTION, ETC. (IMPRINT)
Place of publication, distribution, etc Hampshire :
Name of publisher, distributor, etc Cengage Learning ,
Date of publication, distribution, etc 2012.
300 ## - PHYSICAL DESCRIPTION
Extent xxviii, 842 p. :
Other physical details ill. (some col.) ;
Dimensions 26 cm.
500 ## - GENERAL NOTE
General note Index : p. 827-842.
500 ## - GENERAL NOTE
General note Glossary : p. 819-826.
590 ## - LOCAL NOTE (RLIN)
Local note doaa mohamed
650 ## - SUBJECT ADDED ENTRY--TOPICAL TERM
9 (RLIN) 16959
Topical term or geographic name as entry element Economics.
Source of heading or term BUEsh
651 ## - SUBJECT ADDED ENTRY--GEOGRAPHIC NAME
Source of heading or term BUEsh
653 ## - INDEX TERM--UNCONTROLLED
Resource For college BAEPS, Economics
Arrived date list August2015
700 ## - ADDED ENTRY--PERSONAL NAME
Personal name Rashwan, Mohamed H.
9 (RLIN) 31028
700 ## - ADDED ENTRY--PERSONAL NAME
Personal name Ashwin, Andrew
9 (RLIN) 31029
942 ## - ADDED ENTRY ELEMENTS (KOHA)
Source of classification or shelving scheme Dewey Decimal Classification
Item type NB - Book (Non borrowing)
Call number prefix 330 MAN
Holdings
Withdrawn status Item status Source of classification or shelving scheme Damaged status Not for loan Vendor Home library Current library Shelving location Date acquired Source of acquisition Total Checkouts Full call number Barcode Date last seen Koha item type Total Renewals Checked out Date last borrowed Materials specified (bound volume or other part) Cost, replacement price
    Dewey Decimal Classification     Baccah Central Library Central Library First floor 02/10/2012     330 MAN 000027526 15/07/2025 NB - Book (Non borrowing)          
    Dewey Decimal Classification     Baccah Central Library Central Library First floor 07/11/2012   26 330 MAN 000027797 20/12/2022 Book - Borrowing 110 19/01/2023 20/12/2022    
  Lost Dewey Decimal Classification     Baccah Central Library Central Library First floor 07/11/2012   8 330 MAN 000027798 05/11/2014 Book - Borrowing 21   01/10/2014 Lost In Inventory_2005-2015/8/22  
  Lost Dewey Decimal Classification     Baccah Central Library Central Library First floor 07/11/2012   11 330 MAN 000027799 17/01/2023 Book - Borrowing 69   20/12/2022 Lost_In_Inventory_12-2-2024  
    Dewey Decimal Classification     Baccah Central Library Central Library First floor 05/12/2012   17 330 MAN 000027868 16/02/2026 Book - Borrowing 91   01/10/2022    
    Dewey Decimal Classification     Baccah Central Library Central Library First floor 05/12/2012   2 330 MAN 000027867 29/01/2013 Book - Borrowing 5 28/02/2013 29/01/2013    
  Lost and Paid For Dewey Decimal Classification     Baccah Central Library Central Library First floor 26/09/2013   2 330 MAN 000028992 06/08/2017 Book - Borrowing 5   18/12/2013   600.00
  Lost & Replaced Dewey Decimal Classification     Baccah Central Library Central Library First floor 26/09/2013 Purchase 5 330 MAN 000028993 21/04/2019 Book - Borrowing 8   27/04/2014    
    Dewey Decimal Classification     Baccah Central Library Central Library First floor 26/09/2013   24 330 MAN 000028994 01/10/2022 Book - Borrowing 224 18/03/2026 01/10/2022    
  Lost Dewey Decimal Classification     Baccah Central Library Central Library First floor 26/09/2013   18 330 MAN 000028995 24/08/2022 Book - Borrowing 141   17/02/2019 Lost_In_Inventory_12-2-2024  
    Dewey Decimal Classification     unknown Central Library Central Library First floor 24/04/2019 Exchange 5 330 MAN 000044621 26/11/2025 Book - Borrowing 53 16/05/2026 26/11/2025